000 00526nam a22001697a 4500
005 20251108174705.0
008 250721s2008 xx 000 0 ara d
082 1 4 _a811.9611/تون
100 1 _aالعقباوي، إسماعيل
_eمقدم
245 1 0 _aبيرم التونسي : أعماله الشعرية الكاملة /
264 1 _aالمنصورة :
_bمكتبة الإيمان،
_c2008.
300 _a770 ص.
650 1 7 _aالشعر العربي
650 1 7 _aتونس
942 _2ddc
_cBK
999 _c115541
_d115541